| 000 | 00378nam a2200157Ia 4500 | ||
|---|---|---|---|
| 008 | 230524s9999 xx 000 0 und d | ||
| 082 |
_a621.39 _bKRA |
||
| 100 | _aJohn D.Kraus | ||
| 245 | 0 | _aElectromagnetics with Applications | |
| 250 | _a5TH | ||
| 260 |
_aNEW DELHI _bMGH _c1999 |
||
| 300 | _aXV;601 | ||
| 500 | _aQuantity Number: 1 | ||
| 650 | _aElectrical | ||
| 942 | _cBK | ||
| 999 |
_c37307 _d37307 |
||